[Event "4NCL Division 4 South"]
[Site "Daventry, ENG"]
[Date "2019.02.09"]
[Round "5.155"]
[White "Wolstenholme, Scarlet"]
[Black "Dumitrescu, George-Mihai"]
[Result "0-1"]
[WhiteElo "1307"]
[BlackElo "1598"]
[PlyCount "122"]
[EventDate "2019.02.09"]
[WhiteTeam "Barnet Knights 3"]
[BlackTeam "Oxford 4"]

1. d4 d5 2. c4 e6 3. Nf3 Nf6 4. g3 c6 5. Bg2 Bd6 6. O-O O-O 7. Qc2 Nbd7 8. Nbd2
h6 9. b3 Qe7 10. Bb2 e5 11. dxe5 Nxe5 12. Nxe5 Bxe5 13. e3 Rd8 14. Bxe5 Qxe5
15. cxd5 Nxd5 16. Rfe1 Nb4 17. Qd1 Nd3 18. Rf1 Be6 19. Rb1 Nc5 20. h4 Rd7 21.
Kh2 Rad8 22. Nf3 Rxd1 23. Nxe5 Rxb1 24. Rxb1 Rd2 25. Rf1 Rxa2 26. b4 Nd7 27.
Nxd7 Bxd7 28. Kh1 Rb2 29. Rd1 Be6 30. Be4 g6 31. h5 gxh5 32. f3 Rxb4 33. Rd8+
Kg7 34. Kh2 Rb2+ 35. Kh1 f5 36. Bd3 Rd2 37. Kg1 Kf7 38. Kf1 Ke7 39. Ke1 Kxd8
40. Kxd2 Ke7 41. Kc3 Kd6 42. Kd4 a5 43. e4 fxe4 44. fxe4 c5+ 45. Ke3 Ke5 46.
Kf3 Bd7 47. Ke3 b5 48. Kf3 c4 49. Bc2 b4 50. Ke3 b3 51. Bb1 a4 52. Kf3 a3 53.
Ke3 a2 54. Bxa2 bxa2 55. Kf3 a1=Q 56. Ke3 Qd4+ 57. Ke2 Bg4+ 58. Kf1 Qd2 59. Kg1
Bf3 60. Kf1 Qe2+ 61. Kg1 Qg2# 0-1

[Event "4NCL Division 4 South"]
[Site "Daventry, ENG"]
[Date "2019.02.09"]
[Round "5.156"]
[White "Matilal, Tamal"]
[Black "Ibrahim, Amir"]
[Result "1-0"]
[WhiteElo "1447"]
[BlackElo "1300"]
[PlyCount "121"]
[EventDate "2019.02.09"]
[WhiteTeam "Oxford 4"]
[BlackTeam "Barnet Knights 3"]

1. Nf3 d5 2. c4 c6 3. g3 Nf6 4. Bg2 Bf5 5. Nd4 Bxb1 6. Rxb1 e5 7. Nf3 e4 8. Nd4
dxc4 9. e3 c5 10. Qa4+ Qd7 11. Qxd7+ Nbxd7 12. Nb5 Rc8 13. Nxa7 Rc7 14. Nb5 Rc6
15. O-O Bd6 16. f3 O-O 17. fxe4 Rb6 18. Nc3 Ne5 19. b3 cxb3 20. axb3 c4 21. Na4
Rb5 22. Nc3 Rb6 23. bxc4 Rxb1 24. Nxb1 Nxc4 25. d4 Ng4 26. Re1 Bb4 27. Re2 Ra8
28. h3 Ra1 29. hxg4 Rxb1 30. Rc2 b5 31. Kf2 h6 32. e5 Be1+ 33. Ke2 Bxg3 34. Be4
Ra1 35. Bc6 Na3 36. Bxa3 Rxa3 37. Bxb5 Ra1 38. Bd3 g6 39. Rc8+ Kg7 40. Kf3 Bh4
41. Rc7 Ra6 42. Bxa6 h5 43. gxh5 gxh5 44. Bc4 Kg6 45. Bxf7+ Kf5 46. Bxh5 Bg5
47. Bg4+ Kg6 48. e4 Bd2 49. Bf5+ Kg5 50. Rg7+ Kh6 51. Rg6+ Kh7 52. Kg4 Bh6 53.
Rxh6+ Kg7 54. Rh7+ Kg8 55. Kg5 Kf8 56. Kf6 Kg8 57. Rg7+ Kh8 58. Re7 Kg8 59.
Bh7+ Kf8 60. Bg6 Kg8 61. Re8# 1-0

[Event "4NCL Division 4 South"]
[Site "Daventry, ENG"]
[Date "2019.02.09"]
[Round "5.161"]
[White "Phillips, William"]
[Black "Sloan, Cecil"]
[Result "1/2-1/2"]
[WhiteElo "1849"]
[BlackElo "1772"]
[PlyCount "51"]
[EventDate "2019.02.09"]
[WhiteTeam "Cambridge University 3"]
[BlackTeam "Watford 2"]

1. d4 Nf6 2. Nf3 e6 3. Bg5 h6 4. Bh4 c5 5. e3 b6 6. Bd3 Bb7 7. Nbd2 Be7 8. O-O
O-O 9. c3 d6 10. h3 Nbd7 11. e4 cxd4 12. cxd4 Nh5 13. Bxe7 Qxe7 14. e5 Nf4 15.
Be4 d5 16. Bc2 Ba6 17. Re1 Nd3 18. Bxd3 Bxd3 19. Nf1 Bxf1 20. Kxf1 Rfc8 21. Rc1
Qd8 22. Re3 Rxc1 23. Qxc1 Rc8 24. Rc3 Rxc3 25. Qxc3 Nb8 26. a4 1/2-1/2

[Event "4NCL Division 4 South"]
[Site "Daventry, ENG"]
[Date "2019.02.09"]
[Round "5.162"]
[White "Charles, Simon"]
[Black "Patel, Rishi"]
[Result "1-0"]
[WhiteElo "1697"]
[BlackElo "1831"]
[PlyCount "91"]
[EventDate "2019.02.09"]
[WhiteTeam "Watford 2"]
[BlackTeam "Cambridge University 3"]

1. d4 Nf6 2. Nf3 e6 3. e3 b6 4. Nbd2 Bb7 5. Bd3 c5 6. c3 d6 7. O-O Be7 8. Re1
Nbd7 9. a3 O-O 10. b4 Rc8 11. Bb2 Re8 12. Rc1 Bf8 13. e4 e5 14. d5 a6 15. a4 h6
16. Qe2 Ra8 17. Nf1 Nh5 18. g3 f5 19. Nh4 fxe4 20. Bxe4 Nf4 21. Qd1 Qf6 22. Qg4
h5 23. Qf5 Bxd5 24. Bxd5+ Nxd5 25. Qxd7 g5 26. Ng2 cxb4 27. cxb4 Nxb4 28. Qb7
Rab8 29. Qe4 d5 30. Qb1 Bc5 31. Re2 d4 32. Qe4 Re6 33. Ba3 a5 34. h4 g4 35.
Bxb4 axb4 36. Nf4 Rf8 37. Nxe6 Qxe6 38. Qd3 Kg7 39. Nd2 Qd5 40. Qe4 Qf7 41.
Qxe5+ Kh7 42. Ne4 Kg8 43. Nxc5 bxc5 44. Rxc5 d3 45. Qg5+ Kh7 46. Re7 1-0

[Event "4NCL Division 4 South"]
[Site "Daventry, ENG"]
[Date "2019.02.09"]
[Round "5.163"]
[White "Breed, Greg J"]
[Black "Nielsen, Geir Erik"]
[Result "1-0"]
[WhiteElo "1767"]
[BlackElo "1577"]
[PlyCount "63"]
[EventDate "2019.02.09"]
[WhiteTeam "Cambridge University 3"]
[BlackTeam "Watford 2"]

1. e4 e6 2. d4 d5 3. exd5 exd5 4. Nf3 Nf6 5. Bg5 Be7 6. c4 O-O 7. h3 Re8 8. Be2
b6 9. O-O Bb7 10. Nc3 Nbd7 11. Rc1 Rc8 12. a3 Ne4 13. Bxe7 Qxe7 14. Nxd5 Bxd5
15. cxd5 Nc3 16. bxc3 Qxe2 17. Qa4 Nf6 18. c4 a5 19. Qc6 Ne4 20. Rce1 Qb2 21.
a4 Qb4 22. Ng5 Nd6 23. Rxe8+ Nxe8 24. Qd7 Nd6 25. Nxf7 Qxc4 26. Nxd6 cxd6 27.
Qxd6 Kh8 28. Qe5 Qxa4 29. d6 Qd7 30. Re1 Rd8 31. Rc1 h6 32. Rc7 1-0

[Event "4NCL Division 4 South"]
[Site "Daventry, ENG"]
[Date "2019.02.09"]
[Round "5.164"]
[White "Morrell, Sean"]
[Black "Dhemrait, Surjit S"]
[Result "0-1"]
[WhiteElo "1487"]
[BlackElo "1550"]
[PlyCount "116"]
[EventDate "2019.02.09"]
[WhiteTeam "Watford 2"]
[BlackTeam "Cambridge University 3"]

1. e4 e5 2. Nf3 Nc6 3. Bc4 Bc5 4. c3 Nf6 5. d4 exd4 6. cxd4 Bb4+ 7. Bd2 Bxd2+
8. Nbxd2 d5 9. exd5 Nxd5 10. Nb3 O-O 11. O-O Bg4 12. Re1 Nce7 13. Be2 c6 14.
Ne5 Bxe2 15. Qxe2 f6 16. Nc4 Ng6 17. Qe6+ Kh8 18. Nd6 Qe7 19. Qxe7 Ngxe7 20.
Nc5 h6 21. Nd7 Rg8 22. Nxb7 Nf5 23. Rad1 Rac8 24. g4 Rc7 25. Nbc5 Nfe7 26. Re2
Re8 27. Rde1 Kg8 28. f4 Kf7 29. f5 Rg8 30. Kf2 Ke8 31. Nb8 a5 32. Re6 Kf7 33.
Nba6 Ra7 34. a3 Rga8 35. Kg3 Rxa6 36. Nxa6 Rxa6 37. h4 Rb6 38. R1e2 Rb3+ 39.
Kh2 Rd3 40. R6e4 Rf3 41. Kg2 Rd3 42. Rc2 Ne3+ 43. Rxe3 Rxe3 44. Rc5 Rb3 45.
Rxa5 Rxb2+ 46. Kf3 Rb3+ 47. Kf4 Nd5+ 48. Rxd5 cxd5 49. g5 hxg5+ 50. hxg5 fxg5+
51. Kxg5 Rxa3 52. Kf4 Kf6 53. Kg4 Ra4 54. Kh5 Kxf5 55. Kh4 Rxd4+ 56. Kg3 Rd3+
57. Kh4 d4 58. Kh5 Rh3# 0-1

[Event "4NCL Division 4 South"]
[Site "Daventry, ENG"]
[Date "2019.02.09"]
[Round "5.165"]
[White "Sartain, Patrick"]
[Black "Ramesh, Karthik R"]
[Result "1-0"]
[WhiteElo "1476"]
[BlackElo "1322"]
[PlyCount "59"]
[EventDate "2019.02.09"]
[WhiteTeam "Cambridge University 3"]
[BlackTeam "Watford 2"]

1. e4 e5 2. Nf3 Nc6 3. Bc4 Bc5 4. c3 Nf6 5. d3 a6 6. O-O Ba7 7. b4 b5 8. Bb3 d6
9. h3 h6 10. Na3 O-O 11. Nc2 Bb7 12. Ne3 a5 13. a3 axb4 14. axb4 Bxe3 15. Bxe3
Ne7 16. Nh4 Qd7 17. f4 Rxa1 18. Qxa1 Ra8 19. Qd1 exf4 20. Bxf4 g5 21. Bxg5 hxg5
22. Rxf6 gxh4 23. Rxf7 d5 24. Rf4 Ng6 25. Rg4 Kh7 26. Rg5 dxe4 27. Qh5+ Kg7 28.
Rxg6+ Kf8 29. Rg8+ Ke7 30. Qe5+ 1-0

[Event "4NCL Division 4 South"]
[Site "Daventry, ENG"]
[Date "2019.02.10"]
[Round "6.11"]
[White "Webb, Richard M"]
[Black "Mercs, Peter J"]
[Result "1-0"]
[WhiteElo "2204"]
[BlackElo "2087"]
[PlyCount "79"]
[EventDate "2019.02.10"]
[WhiteTeam "Crowthorne 1"]
[BlackTeam "Ashfield 1"]

1. e4 c5 2. Nc3 Nc6 3. Nge2 d6 4. g3 g6 5. d4 cxd4 6. Nxd4 Bg7 7. Nde2 Nf6 8.
Bg2 O-O 9. O-O Be6 10. Nd5 Bxd5 11. exd5 Ne5 12. c3 Qc7 13. Re1 Rfe8 14. h3
Rac8 15. b3 h5 16. Be3 Qa5 17. Qd2 Qa6 18. Rad1 Ned7 19. c4 Nc5 20. Nd4 b6 21.
Rc1 Qb7 22. Bg5 Qd7 23. Re2 Nh7 24. Be3 e5 25. dxe6 fxe6 26. Rd1 a6 27. Nc2
Red8 28. Nd4 e5 29. Nc2 Qf5 30. Nb4 Nf6 31. Nd5 Nxd5 32. Qxd5+ Kh7 33. Red2 e4
34. Qxf5 gxf5 35. Rxd6 Rxd6 36. Rxd6 b5 37. Rd5 Bf8 38. Rxf5 bxc4 39. bxc4 Kg6
40. Rxf8 1-0

[Event "4NCL Division 4 South"]
[Site "Daventry, ENG"]
[Date "2019.02.10"]
[Round "6.12"]
[White "Mateu Guiu, Esteve"]
[Black "Coates, Kenneth G"]
[Result "0-1"]
[WhiteElo "2155"]
[BlackElo "2050"]
[PlyCount "94"]
[EventDate "2019.02.10"]
[WhiteTeam "Ashfield 1"]
[BlackTeam "Crowthorne 1"]

1. e4 d5 2. exd5 Qxd5 3. Nc3 Qd6 4. d4 Nf6 5. Nf3 Bg4 6. h3 Bh5 7. g4 Bg6 8.
Ne5 Nbd7 9. Nxg6 hxg6 10. Bg2 c6 11. Be3 e6 12. Qd3 Be7 13. O-O-O Nb6 14. Kb1
Nfd5 15. Ne4 Qc7 16. Rhe1 O-O 17. Bc1 Nf4 18. Qg3 Nbd5 19. Bf3 b5 20. h4 a5 21.
g5 Nh5 22. Qh3 Ndf4 23. Qh2 Rfc8 24. Bxh5 Nxh5 25. Qxc7 Rxc7 26. Nc5 Rd8 27. c3
Bxc5 28. dxc5 Rcd7 29. Rxd7 Rxd7 30. Re4 Rd5 31. b4 axb4 32. cxb4 e5 33. Kc2 f5
34. Re2 Kf7 35. Re3 Ke6 36. Ra3 Rd4 37. Kc3 Rxh4 38. Ra6 Kd5 39. Bd2 Rh3+ 40.
Kc2 Rh2 41. Be1 e4 42. Kd1 Nf4 43. Ra7 Nd3 44. Ke2 f4 45. Rd7+ Ke5 46. Bc3+ Kf5
47. Bd4 Nxf2 0-1

[Event "4NCL Division 4 South"]
[Site "Daventry, ENG"]
[Date "2019.02.10"]
[Round "6.13"]
[White "Purdon, Colin"]
[Black "Combie, Alex B"]
[Result "1-0"]
[WhiteElo "2047"]
[BlackElo "2005"]
[PlyCount "113"]
[EventDate "2019.02.10"]
[WhiteTeam "Crowthorne 1"]
[BlackTeam "Ashfield 1"]

1. d4 Nf6 2. c4 g6 3. Nc3 Bg7 4. e4 d6 5. Nf3 O-O 6. h3 e5 7. d5 a5 8. Bg5 h6
9. Be3 Na6 10. Nd2 Nd7 11. g4 Ndc5 12. a3 Bd7 13. b3 f5 14. f3 h5 15. gxf5 gxf5
16. Rg1 f4 17. Bf2 Bxh3 18. Bxh3 Nd3+ 19. Ke2 Nxf2 20. Be6+ Kh8 21. Kxf2 Qh4+
22. Ke2 Qh2+ 23. Kf1 Nc5 24. Qe2 Qxe2+ 25. Kxe2 Nxe6 26. dxe6 c6 27. Rg5 Bh6
28. Rxh5 Rf6 29. Rah1 Kh7 30. c5 Rxe6 31. cxd6 b5 32. a4 Rg8 33. R1h2 Rxd6 34.
axb5 cxb5 35. Nxb5 Rdg6 36. Rxe5 Rg2+ 37. Rxg2 Rxg2+ 38. Kd3 Bf8 39. Rf5 Bb4
40. Nc4 Rg1 41. Rxf4 Ra1 42. e5 Rd1+ 43. Kc2 Re1 44. Re4 Rxe4 45. fxe4 Kg7 46.
Nbd6 Kf8 47. Nb7 Ke7 48. Nbxa5 Ke6 49. Kd3 Kd7 50. Nb6+ Ke6 51. Nac4 Bc5 52.
Nd5 Ba7 53. b4 Bb8 54. b5 Ba7 55. b6 Bb8 56. Kd4 Kd7 57. Nb4 1-0

[Event "4NCL Division 4 South"]
[Site "Daventry, ENG"]
[Date "2019.02.10"]
[Round "6.14"]
[White "George, Andrew P"]
[Black "Duckers, Harvey L"]
[Result "0-1"]
[WhiteElo "2020"]
[BlackElo "1990"]
[PlyCount "120"]
[EventDate "2019.02.10"]
[WhiteTeam "Ashfield 1"]
[BlackTeam "Crowthorne 1"]

1. c4 d6 2. g3 e5 3. Bg2 f5 4. d3 Nf6 5. Nc3 Be7 6. e4 c6 7. Nge2 O-O 8. Qc2
Be6 9. h4 fxe4 10. Nxe4 Nxe4 11. dxe4 Nd7 12. O-O Nf6 13. b3 Qd7 14. Bb2 Ng4
15. Rad1 Qe8 16. Rd3 Rd8 17. Qd2 d5 18. cxd5 cxd5 19. exd5 Bf5 20. Rc3 Bb4 21.
a3 Bxc3 22. Bxc3 Qb5 23. Bb4 Rf6 24. Be7 Rfd6 25. Nc3 Qd7 26. Bxd8 Qxd8 27. Nb5
Rb6 28. Qe2 Qd7 29. a4 a6 30. f3 Nh6 31. Qe3 Qd8 32. Na3 Rb4 33. Qxe5 Rxb3 34.
Nc4 Bd7 35. Re1 Nf5 36. Kh2 Nxh4 37. gxh4 Qxh4+ 38. Kg1 Qxc4 39. Qg5 Qd4+ 40.
Kh1 Qf6 41. Qxf6 gxf6 42. Re7 Bxa4 43. Bh3 Rxf3 44. Be6+ Kh8 45. Rxb7 Rd3 46.
Rb6 Bb3 47. Rxa6 Kg7 48. Ra7+ Kg6 49. Bf7+ Kg5 50. Ra5 Kf4 51. Kh2 Rd2+ 52. Kh3
Bc2 53. Be6 f5 54. Ra1 Bd1 55. Rxd1 Rxd1 56. Bg8 h6 57. Kg2 Ke5 58. Bh7 Rxd5
59. Kf3 Rd3+ 60. Ke2 Ra3 0-1

[Event "4NCL Division 4 South"]
[Site "Daventry, ENG"]
[Date "2019.02.10"]
[Round "6.15"]
[White "Tart, Peter K"]
[Black "Burke, Steven J"]
[Result "1/2-1/2"]
[WhiteElo "1932"]
[BlackElo "1952"]
[PlyCount "62"]
[EventDate "2019.02.10"]
[WhiteTeam "Crowthorne 1"]
[BlackTeam "Ashfield 1"]

1. e4 c5 2. Nc3 Nc6 3. Bb5 g6 4. Bxc6 dxc6 5. d3 e5 6. Nge2 Bg7 7. O-O Ne7 8.
Be3 b6 9. Qd2 Be6 10. Bh6 Bxh6 11. Qxh6 Ng8 12. Qg7 Qf6 13. Qxf6 Nxf6 14. f4
exf4 15. Nxf4 Ng4 16. h3 Ne5 17. Nxe6 fxe6 18. Rf6 Ke7 19. Raf1 Raf8 20. Rxf8
Rxf8 21. Rxf8 Kxf8 $11 22. Kf2 Nd7 23. Kg3 e5 24. Kg4 h6 25. Ne2 Kg7 26. h4 h5+
27. Kf3 Nf8 28. c3 Ne6 29. g3 Kf6 30. Nc1 Ke7 31. Ne2 Kf6 1/2-1/2

[Event "4NCL Division 4 South"]
[Site "Daventry, ENG"]
[Date "2019.02.10"]
[Round "6.16"]
[White "Truman, Richard G"]
[Black "Cross, Mark"]
[Result "1-0"]
[WhiteElo "1945"]
[BlackElo "1772"]
[PlyCount "121"]
[EventDate "2019.02.10"]
[WhiteTeam "Ashfield 1"]
[BlackTeam "Crowthorne 1"]

1. d4 Nf6 2. c4 e5 3. dxe5 Ng4 4. Nf3 Bc5 5. e3 Nc6 6. Be2 Ngxe5 7. Nxe5 Nxe5
8. Nc3 O-O 9. O-O d6 10. Ne4 b6 11. Nxc5 bxc5 12. f4 Ng6 13. e4 Bb7 14. Bd3 Re8
15. Re1 Bc6 16. Qg4 Qf6 17. e5 dxe5 18. f5 Nf4 19. Be4 Rad8 20. Bxc6 Qxc6 21.
Bxf4 exf4 22. Qxf4 Rd6 23. h3 Kf8 24. Qh4 Rh6 25. Qf2 Qd6 26. Rad1 Rxe1+ 27.
Qxe1 Qe7 28. Qxe7+ Kxe7 29. Rd5 Rc6 30. Kh2 Kf6 31. Kg3 g6 32. Kf4 Ra6 33. a3
Rb6 34. Rxc5 Rxb2 35. Rc6+ Kg7 36. f6+ Kh6 37. Rxc7 g5+ 38. Ke5 Kg6 39. Rxa7
Rxg2 40. Ra6 Rh2 41. c5 Rxh3 42. c6 Rc3 43. Kd6 Rd3+ 44. Ke7 Rc3 45. Kd7 Rd3+
46. Kc8 g4 47. c7 Rc3 48. Kd7 g3 49. Ra8 Rd3+ 50. Ke7 Re3+ 51. Kd6 Rd3+ 52. Ke5
Rc3 53. c8=Q Rxc8 54. Rxc8 Kg5 55. Rg8+ Kh4 56. Kf4 h5 57. a4 Kh3 58. a5 h4 59.
a6 g2 60. a7 Kh2 61. Rxg2+ 1-0

[Event "4NCL Division 4 South"]
[Site "Daventry, ENG"]
[Date "2019.02.10"]
[Round "6.21"]
[White "Nelson, Omowale"]
[Black "Davies, Matthew"]
[Result "1/2-1/2"]
[WhiteElo "2012"]
[BlackElo "1932"]
[PlyCount "123"]
[EventDate "2019.02.10"]
[WhiteTeam "Watford 1"]
[BlackTeam "West is Best 3"]

1. d4 d5 2. c4 c6 3. Nf3 Nf6 4. g3 Bf5 5. Bg2 e6 6. O-O Nbd7 7. Nc3 Bd6 8. Bf4
Bxf4 9. gxf4 Ne4 10. cxd5 cxd5 11. Ne5 O-O 12. Nxe4 Bxe4 13. f3 Bg6 14. Rc1
Nxe5 15. fxe5 Qb6 16. Qd2 Rac8 17. e4 Qb5 18. Rfe1 Rfd8 19. Rc3 h6 20. Rec1
Rxc3 21. bxc3 b6 22. Qe3 Qc4 23. Rc2 Rc8 24. Bf1 Qa4 25. Bd3 Qa3 26. Qd2 Qa5
27. Kf2 Rc7 28. Ke3 Rc8 29. exd5 Bxd3 30. Qxd3 exd5 31. Kd2 Qa3 32. Qf5 Rc7 33.
f4 Qe7 34. Kc1 Qa3+ 35. Kd2 Qe7 36. Qg4 Kf8 37. Kd3 Qd7 38. f5 Qb5+ 39. Kd2 Qf1
40. h4 b5 41. Qe2 Qf4+ 42. Kd1 a6 43. Qg2 Qxf5 44. Qxd5 Qd7 45. Qxd7 Rxd7 46.
Ke2 Ke7 47. Kd3 f6 48. Rg2 Kf7 49. Ke4 fxe5 50. Kxe5 Re7+ 51. Kd5 Re3 52. c4
bxc4 53. Kxc4 Re4 54. Rh2 Re1 55. Kd5 Rd1 56. Ke5 g6 57. Rb2 Re1+ 58. Kd5 Rh1
59. Rf2+ Ke7 60. Re2+ Kf7 61. Rf2+ Ke7 62. Re2+ 1/2-1/2

[Event "4NCL Division 4 South"]
[Site "Daventry, ENG"]
[Date "2019.02.10"]
[Round "6.22"]
[White "Jukes, Sam"]
[Black "Karamazondo, Ernest"]
[Result "0-1"]
[WhiteElo "1906"]
[BlackElo "1937"]
[PlyCount "138"]
[EventDate "2019.02.10"]
[WhiteTeam "West is Best 3"]
[BlackTeam "Watford 1"]

1. e4 c5 2. Nf3 Nc6 3. d4 cxd4 4. Nxd4 Nf6 5. Nc3 e5 6. Ndb5 d6 7. Bg5 a6 8.
Na3 Be7 9. Bxf6 Bxf6 10. Nc4 Nd4 11. Nd5 Be6 12. Nce3 Bg5 13. c3 Nc6 14. Be2
O-O 15. Qd3 Rc8 16. O-O Kh8 17. Rfd1 g6 18. Nc4 b5 19. Ncb6 Rb8 20. a4 Rxb6 21.
Nxb6 Qxb6 22. axb5 axb5 23. Qxb5 Qc7 24. Ra6 Rc8 25. Qb6 Be7 26. Qxc7 Rxc7 27.
Rda1 Kg7 28. Bb5 Bd7 29. Bxc6 Bxc6 30. Ra7 Rxa7 31. Rxa7 Kf6 32. f3 Ke6 33. Kf2
f5 34. exf5+ gxf5 35. Rc7 Be8 36. c4 h5 37. Ke2 Bd8 38. Rh7 Bf7 39. b4 Bb6 40.
c5 Bc7 41. c6 d5 42. Rh6+ Ke7 43. Rh7 e4 44. fxe4 fxe4 45. Ke3 Bxh2 46. b5 Bg1+
47. Kf4 Bb6 48. g3 Kf6 49. Rh8 Bg6 50. Rc8 Ke7 51. c7 Kd7 52. Rd8+ Kxc7 53.
Rxd5 e3 54. Re5 Kd6 55. Rg5 Bf7 56. Re5 Bd4 57. Re4 Bd5 58. Re8 Kd7 59. Rxe3
Bxe3+ 60. Kxe3 Kc7 61. Kf4 Be6 62. Ke3 Kb6 63. Kf4 Kxb5 64. Ke4 Kc4 65. Ke3 Kd5
66. Kf4 Bg4 67. Ke3 Ke5 68. Kd3 Bf3 69. Ke3 Be4 0-1

[Event "4NCL Division 4 South"]
[Site "Daventry, ENG"]
[Date "2019.02.10"]
[Round "6.23"]
[White "Lancaster, Roger"]
[Black "Hurley, Jake"]
[Result "1-0"]
[WhiteElo "1945"]
[BlackElo "1905"]
[PlyCount "53"]
[EventDate "2019.02.10"]
[WhiteTeam "Watford 1"]
[BlackTeam "West is Best 3"]

1. e4 Nc6 2. Nc3 f5 3. d4 fxe4 4. d5 Ne5 5. Qd4 d6 6. Bf4 Ng6 7. Bg3 e5 8. dxe6
Bxe6 9. Qxe4 Qe7 10. O-O-O O-O-O 11. Nf3 d5 12. Qa4 Qc5 13. Ng5 Bd7 14. Qb3 d4
15. Nce4 Qe7 16. Bc4 Nh6 17. Rhe1 Bc6 18. Nd6+ cxd6 19. Rxe7 Bxe7 20. Ne6 d5
21. Bb5 Bxb5 22. Qxb5 Rd7 23. Nc5 Bxc5 24. Qxc5+ Kd8 25. Qxa7 Nf5 26. Re1 Nxg3
27. Qb8# 1-0

[Event "4NCL Division 4 South"]
[Site "Daventry, ENG"]
[Date "2019.02.10"]
[Round "6.24"]
[White "Payan, Juan C"]
[Black "Dunlop, Neil J"]
[Result "0-1"]
[WhiteElo "1863"]
[BlackElo "1832"]
[PlyCount "160"]
[EventDate "2019.02.10"]
[WhiteTeam "West is Best 3"]
[BlackTeam "Watford 1"]

1. e4 d5 2. exd5 Qxd5 3. Nc3 Qd6 4. d4 Nf6 5. Nf3 c6 6. Be2 Bf5 7. O-O e6 8.
Bg5 Nbd7 9. Qd2 Qc7 10. h3 h6 11. Bf4 Bd6 12. Bxd6 Qxd6 13. Bd3 Bxd3 14. Qxd3
O-O 15. a3 Rfd8 16. Rad1 c5 17. Qb5 b6 18. Rfe1 a6 19. Qe2 b5 20. Ne4 Nxe4 21.
Qxe4 Qb6 22. c3 cxd4 23. Nxd4 Nc5 24. Qf3 Rac8 25. Qe2 Rd5 26. Kh1 Rcd8 27. f4
Qd6 28. Qf3 Nb3 29. Re4 Nc5 30. Re3 Nb3 31. Red3 Nc5 32. R3d2 Qc7 33. Qe3 Nd7
34. Nf3 Nf6 35. Ne5 Rxd2 36. Rxd2 Rxd2 37. Qxd2 Nd5 38. Qd4 f6 39. Nd3 Qc4 40.
Qxc4 bxc4 41. Nc5 Nxf4 42. Nxa6 Nd3 43. Nc7 Nxb2 44. Nxe6 Na4 45. Kg1 Kf7 46.
Nd4 Nxc3 47. Kf2 g6 48. g4 Ke7 49. Ke3 Kd6 50. h4 Nd5+ 51. Ke4 Ne7 52. a4 f5+
53. gxf5 gxf5+ 54. Kf4 Kd5 55. Nb5 Kc5 56. h5 Kb4 57. Nd6 c3 58. Ke3 Kxa4 59.
Kd3 Kb4 60. Kc2 f4 61. Ne4 Nd5 62. Kd3 Kb3 63. Nc5+ Kb4 64. Ne4 f3 65. Nxc3
Nxc3 66. Ke3 Nd5+ 67. Kxf3 Nf6 68. Kf4 Nxh5+ 69. Kf5 Ng7+ 70. Kg4 Kc4 71. Kh4
Kd4 72. Kg4 Ke4 73. Kh4 Kf4 74. Kh3 Nf5 75. Kh2 Kg4 76. Kh1 Kg3 77. Kg1 Ne3 78.
Kh1 h5 79. Kg1 h4 80. Kh1 Ng4 0-1

[Event "4NCL Division 4 South"]
[Site "Daventry, ENG"]
[Date "2019.02.10"]
[Round "6.25"]
[White "Sloan, Cecil"]
[Black "Fowler, Hugo"]
[Result "0-1"]
[WhiteElo "1772"]
[BlackElo "1790"]
[PlyCount "66"]
[EventDate "2019.02.10"]
[WhiteTeam "Watford 1"]
[BlackTeam "West is Best 3"]

1. e4 e5 2. Nf3 Nc6 3. d4 exd4 4. Bc4 Nf6 5. e5 d5 6. Bb5 Ne4 7. Nxd4 Bd7 8.
Bxc6 bxc6 9. O-O Bc5 10. f3 Ng5 11. f4 Ne4 12. Be3 Rb8 13. b3 Bb6 14. f5 Qe7
15. e6 fxe6 16. Qh5+ Kd8 17. Nxe6+ Bxe6 18. Bxb6 cxb6 19. fxe6 Qc5+ 20. Kh1
Nf2+ 21. Rxf2 Qxf2 22. e7+ Kxe7 23. Qe5+ Kf7 24. Qc7+ Kg6 25. Qd6+ Qf6 26. Qg3+
Kf5 27. Nc3 Ke6 28. Re1+ Kd7 29. Ne4 dxe4 30. Rd1+ Kc8 31. Qg4+ Kb7 32. Rd7+
Ka8 33. Qe2 Rbd8 0-1

[Event "4NCL Division 4 South"]
[Site "Daventry, ENG"]
[Date "2019.02.10"]
[Round "6.26"]
[White "Smith, Steve"]
[Black "Gogna, Aman"]
[Result "1-0"]
[WhiteElo "1773"]
[BlackElo "1765"]
[PlyCount "73"]
[EventDate "2019.02.10"]
[WhiteTeam "West is Best 3"]
[BlackTeam "Watford 1"]

1. e4 c5 2. c3 d5 3. exd5 Qxd5 4. d4 Nf6 5. Nf3 e6 6. Na3 a6 7. Nc2 Nc6 8. Be2
Be7 9. O-O O-O 10. Bf4 Rd8 11. Ne5 Nxe5 12. Bxe5 cxd4 13. cxd4 Qa5 14. Bf3 Nd5
15. Ne3 b5 16. Nxd5 exd5 17. a3 Be6 18. Rc1 Rac8 19. Qb3 Rc4 20. Be2 Rcc8 21.
Qg3 Bf8 22. b4 Qb6 23. Bc7 Qxd4 24. Bxd8 Rxd8 25. Rfd1 Qf6 26. Rc6 Qe7 27. Bd3
Qb7 28. Qh4 g6 29. Rxe6 fxe6 30. Qxd8 e5 31. Bc2 d4 32. Bb3+ Kg7 33. Qd5 Qc7
34. Qg8+ Kf6 35. Qxf8+ Kg5 36. h4+ Kh5 37. Qc5 1-0

[Event "4NCL Division 4 South"]
[Site "Daventry, ENG"]
[Date "2019.02.10"]
[Round "6.31"]
[White "De Coverly, Roger D"]
[Black "Woodhouse, Stephen V"]
[Result "1-0"]
[WhiteElo "1938"]
[BlackElo "1873"]
[PlyCount "109"]
[EventDate "2019.02.10"]
[WhiteTeam "Wessex B"]
[BlackTeam "Wood Green Youth"]

1. e4 e6 2. d4 d5 3. exd5 exd5 4. c4 Nf6 5. Nc3 c6 6. Nf3 Bb4 7. Bd3 Qe7+ 8.
Qe2 Qxe2+ 9. Kxe2 O-O 10. Be3 Be6 11. c5 Nbd7 12. a3 Ba5 13. b4 Bc7 14. h3 Rfe8
15. a4 Nf8 16. a5 a6 17. Rag1 Bd7 18. Nd2 Ng6 19. g3 Ne7 20. g4 Ng6 21. Kd1 Nf4
22. Bc2 Re7 23. Nf1 Rae8 24. Kd2 Ng6 25. Ng3 Bc8 26. g5 Nd7 27. Nf5 Re6 28. h4
Ne7 29. h5 Nxf5 30. Bxf5 R6e7 31. g6 Nf6 32. gxh7+ Nxh7 33. Bxc8 Rxc8 34. Rg2
f5 35. Kd3 Nf6 36. Bg5 Rf7 37. Bxf6 Rxf6 38. Rhg1 Rf7 39. h6 Rcf8 40. Rxg7+ Kh8
41. Ke2 Bd8 42. Kf3 Bf6 43. Rxf7 Rxf7 44. Ne2 Kh7 45. Rh1 Bg5 46. Nf4 Rf6 47.
Re1 Rxh6 48. Re8 Rh4 49. Ne6 Bf6 50. Rb8 Bxd4 51. Rxb7+ Kg8 52. Nxd4 Rxd4 53.
b5 cxb5 54. c6 Rc4 55. c7 1-0

[Event "4NCL Division 4 South"]
[Site "Daventry, ENG"]
[Date "2019.02.10"]
[Round "6.32"]
[White "Harrison, James"]
[Black "Pentakota, Rajasekhar"]
[Result "0-1"]
[WhiteElo "1802"]
[BlackElo "1915"]
[PlyCount "93"]
[EventDate "2019.02.10"]
[WhiteTeam "Wood Green Youth"]
[BlackTeam "Wessex B"]

1. d4 Nf6 2. c4 g6 3. g3 Bg7 4. Bg2 O-O 5. Nc3 d6 6. Nf3 c6 7. O-O Bf5 8. Ne1
Qd7 9. e4 Bh3 10. f4 Bxg2 11. Kxg2 d5 12. cxd5 cxd5 13. e5 Ne4 14. Nf3 f5 15.
Qb3 e6 16. Be3 Nc6 17. Nxe4 fxe4 18. Nd2 Rfc8 19. Rac1 Bf8 20. a3 Na5 21. Qa2
Rxc1 22. Rxc1 Rc8 23. Qb1 b5 24. b4 Nc4 25. Nxc4 bxc4 26. Rc3 Rb8 27. Qd1 a5
28. bxa5 Qa7 29. Qa4 Ra8 30. Qc6 Kf7 31. f5 gxf5 32. Bg5 Be7 33. Bxe7 $11 Kxe7
34. Qd6+ Kf7 35. a6 Qxa6 36. Qd7+ Kg8 37. g4 Qc8 38. Qe7 Qe8 39. Qh4 Qg6 40. g5
Rf8 41. Qf4 Qh5 42. Rg3 Rb8 43. h4 Rb2+ 44. Kh3 Qe2 45. Rg1 Ra2 46. Qg3 Qb2 47.
Rg2 0-1

[Event "4NCL Division 4 South"]
[Site "Daventry, ENG"]
[Date "2019.02.10"]
[Round "6.33"]
[White "Gregory, Keith D F"]
[Black "Hussain, Adam"]
[Result "1/2-1/2"]
[WhiteElo "1967"]
[BlackElo "1825"]
[PlyCount "61"]
[EventDate "2019.02.10"]
[WhiteTeam "Wessex B"]
[BlackTeam "Wood Green Youth"]

1. Nf3 Nf6 2. c4 b6 3. g3 Bb7 4. Bg2 e6 5. O-O Be7 6. d4 O-O 7. Nc3 d6 8. d5 e5
9. e4 Nbd7 10. Ne1 Ne8 11. Nd3 Bc8 12. Be3 g6 13. Qd2 Ng7 14. b4 f5 15. f3 a6
16. Rfc1 h5 17. c5 h4 18. g4 dxc5 19. bxc5 fxg4 20. fxg4 Nxc5 21. Nxe5 Qe8 22.
h3 Bb7 23. Nd3 Nxd3 24. Qxd3 Bd6 25. Bd4 Rf4 26. Ne2 Rf7 27. Rf1 Bf8 28. Rxf7
Kxf7 29. Rc1 Rc8 30. Qf3+ Kg8 31. Bf6 1/2-1/2

[Event "4NCL Division 4 South"]
[Site "Daventry, ENG"]
[Date "2019.02.10"]
[Round "6.34"]
[White "Parry, Samuel"]
[Black "Marsh, Roger D W"]
[Result "1/2-1/2"]
[WhiteElo "1608"]
[BlackElo "1946"]
[PlyCount "43"]
[EventDate "2019.02.10"]
[WhiteTeam "Wood Green Youth"]
[BlackTeam "Wessex B"]

1. d4 g6 2. Nf3 Bg7 3. Bf4 d6 4. e3 Nd7 5. h3 h6 6. c4 e5 7. Bh2 Qe7 8. Be2
Ngf6 9. Nc3 O-O 10. O-O Rd8 11. Qc2 c5 12. dxe5 Nxe5 13. Nxe5 dxe5 14. Bf3 e4
15. Bxe4 Nxe4 16. Qxe4 Qxe4 17. Nxe4 b6 18. Rad1 Rxd1 19. Rxd1 Bf5 20. Nd6 Rd8
21. b3 Bf8 22. Kf1 1/2-1/2